Political management strategies and political/career relationship (Record no. 28598)

000 -LEADER
fixed length control field 00564pab a2200181 454500
008 - FIXED-LENGTH DATA ELEMENTS--GENERAL INFORMATION
fixed length control field 180718b1995 xxu||||| |||| 00| 0 eng d
100 ## - MAIN ENTRY--PERSONAL NAME
Personal name Ingraham, Patricia W.
245 ## - TITLE STATEMENT
Title Political management strategies and political/career relationship
Remainder of title where are we now in the federal government.
260 ## - PUBLICATION, DISTRIBUTION, ETC.
Date of publication, distribution, etc. 1995
300 ## - PHYSICAL DESCRIPTION
Extent p.263-72
362 ## - DATES OF PUBLICATION AND/OR SEQUENTIAL DESIGNATION
Dates of publication and/or sequential designation May-Jun
650 ## - SUBJECT ADDED ENTRY--TOPICAL TERM
Topical term or geographic name entry element Government executives - U.S.A.
650 ## - SUBJECT ADDED ENTRY--TOPICAL TERM
Topical term or geographic name entry element Civil service - U.S.A.
700 ## - ADDED ENTRY--PERSONAL NAME
Personal name Eisenberg, Elliot
700 ## - ADDED ENTRY--PERSONAL NAME
Personal name Thompson, James R.
773 ## - HOST ITEM ENTRY
Main entry heading Public Administration Review
909 ## -
-- 28598
Holdings
Withdrawn status Lost status Damaged status Not for loan Permanent Location Current Location Date acquired Serial Enumeration / chronology Barcode Date last seen Price effective from Koha item type
        Indian Institute of Public Administration Indian Institute of Public Administration 2018-07-19 Volume no: 55, Issue no: 3 AR28713 2018-07-19 2018-07-19 Articles

Powered by Koha